00968nam a2200265 i 4500001000700000003000900007007000300016008004100019080002300060080002200083080001600105100003000121245011900151250001200270260004700282300002100329500002900350600002800379610003800407651005400445700002900499852003300528999001900561952012200580105587ES-MaACLt|060726s1963 it ||||1| ita d a929 Tresso, Pietro a32(45)"1914/1945" a329(45) PCI1 aAzzaroni, Alfredo.92438710aBlasco b: la riabilitazione di un militante rivoluzionario / cAlfredo Azzaroni ; introduzione di Ignazio Silone. a2ª ed. aMilano : bEdizioni Azione Comune, c1963. a99 p. ; c21 cm. aBiblioteca Juan Andrade.14aTresso, Pietro.911133127aPartito comunista italiano.96163 4aItalia-xPolítica y gobierno-z1914-1945.988751 aSilone, Ignazio.9106355 aES-MaACLjAND-402 bR.109706 c105587d105587 00104070aATENEOMbATENEOMcDEPO2d2008-01-17eSCl0oAND-402p1110237r2023-02-23 00:00:00w2023-02-23yMONOGRAFIA